000 00732nam a22001935i 4500
001 53970
003 ES-MaACL
005 20250907063043.0
007 t|
008 960710s1890 sp ||||1| spa d
040 _aCAM
_bspa
_cCAM
100 1 _aFernández Villaverde, Raimundo,
_d1848-1905
_950163
245 1 0 _aDiscurso leido por ... Raimundo Fernández Villaverde ... en la solemne apertura de los tribunales celebrada en 15 de septiembre de 1890.
260 _aMadrid :
_b[s.n.],
_c1890 (
_fImprenta del Ministerio de Gracia y Justicia)
300 _a46 p. ;
_c24 cm.
710 1 _aEspaña.
_bMinisterio de Gracia y Justicia.
_93873
852 _aES-MaACL
_jL-4912(20-4)
_z.- Donativo Roda
999 _c53970
_d53970